000 00889nam a22002297a 4500
003 BLK
005 20250724145521.0
008 200210b bu ||||| |||| 00| 0 bu d
020 _a978-954-26-2371-7
040 _aBLK
041 _aBUL
_cBUL
080 _aАмериканска литература (на САЩ)
_b821.111(73)
_z821.111(73)-93-34
100 _aДоерфелд, Кори
_eпърви автор
_9402174
139 _aДоерфелд, Кори
_bД 70
245 _aГотови да полетим
_cтекст и ил. Кори Доерфелд, прев. Даниела Атанасова
260 _9209439
_aПловдив
_bХермес
_c2024
300 _a40 с.
_c26Х26 см
380 _aDX
500 _aОриг. загл.: Ready to soar / Cori Doerrfeld
700 _9331832
_aАтанасова, Даниела Тенева
942 _cKNG
_n0
_s1
_056
999 _c547204
_d547204
944 _a30545
_cНора Радева
_k30545
_lНора Радева